[Event "Nordic-ch Seniors"]
[Site "Sarpsborg"]
[Date "2019.06.26"]
[Round "8"]
[White "Eriksen, Oddvar"]
[Black "Kirppo, Ronny"]
[Result "0-1"]
[WhiteElo "1520"]
[BlackElo "1910"]
[PlyCount "52"]
[EventDate "2019.06.21"]
[EventType "swiss"]
[EventRounds "9"]
[EventCountry "NOR"]
[SourceTitle "EXT 2020"]
[Source "ChessBase"]
[SourceDate "2019.10.17"]
[SourceVersion "1"]
[SourceVersionDate "2019.10.17"]
[SourceQuality "1"]

1. e4 c5 2. Nf3 Nc6 3. Nc3 d6 4. d4 cxd4 5. Nxd4 Nf6 6. Nxc6 bxc6 7. Be2 Qc7 8. Bf3 Rb8 9. 0-0 g6 10. b3 Bg7 11. Bb2 0-0 12. Rb1 Rd8 13. Re1 e5 14. Bc1 h6 15. h3 Be6 16. Na4 d5 17. exd5 cxd5 18. Bg4 Nxg4 19. hxg4 d4 20. g3 Rbc8 21. Ba3 Qxc2 22. Rb2 Qxd1 23. Rxd1 Bxg4 24. Re1 h5 25. Kg2 Bf5 26. f3 Bc2 0-1

[Event "Nordic-ch Seniors"]
[Site "Sarpsborg"]
[Date "2019.06.22"]
[Round "2"]
[White "Eriksen, Oddvar"]
[Black "Stabbetorp, Hans M"]
[Result "1/2-1/2"]
[WhiteElo "1520"]
[BlackElo "1767"]
[PlyCount "151"]
[EventDate "2019.06.21"]
[EventType "swiss"]
[EventRounds "9"]
[EventCountry "NOR"]
[SourceTitle "EXT 2020"]
[Source "ChessBase"]
[SourceDate "2019.10.17"]
[SourceVersion "1"]
[SourceVersionDate "2019.10.17"]
[SourceQuality "1"]

1. e4 d5 2. exd5 Qxd5 3. Nc3 Qa5 4. Nf3 Nf6 5. Bc4 Bf5 6. d4 e6 7. 0-0 c6 8. Bd3 Bxd3 9. Qxd3 Bd6 10. h3 Nbd7 11. Ng5 h6 12. Nge4 Nxe4 13. Nxe4 Be7 14. Bd2 Qb6 15. Rab1 Rd8 16. c3 Nf6 17. Nxf6+ Bxf6 18. Be3 0-0 19. Qe2 Qa5 20. a3 Qf5 21. Rbd1 Rfe8 22. Bc1 Rd5 23. Rd3 Red8 24. Rf3 Qh7 25. Bf4 c5 26. dxc5 Rxc5 27. Be3 Ra5 28. Rd1 Rxd1+ 29. Qxd1 Rd5 30. Qb3 b6 31. Qa4 Rd8 32. Qxa7 Qb1+ 33. Kh2 Qxb2 34. Qc7 Qxc3 35. Qxc3 Bxc3 36. Bxb6 Be5+ 37. g3 Ra8 38. Rd3 g6 39. Rd8+ Rxd8 40. Bxd8 Kf8 41. a4 Ke8 42. Bb6 Kd7 43. Kg2 Bc7 44. Be3 h5 45. Bd2 Kc6 46. Kf3 Kc5 47. Ke4 f5+ 48. Kd3 e5 49. Kc2 Kc4 50. f3 e4 51. fxe4 fxe4 52. g4 hxg4 53. hxg4 Bd6 54. a5 Kb5 55. Kd1 Bc5 56. Ke2 Ka6 57. Be3 Bb4 58. Bb6 Bd6 59. Ke3 g5 60. Kxe4 Bf4 61. Kf5 Bd2 62. Bd8 Kb7 63. Ke4 Ka6 64. Bb6 Bf4 65. Be3 Bc7 66. Bxg5 Bxa5 67. Kd3 Kb5 68. Bf6 Bb4 69. g5 Kc6 70. Ke4 Kd7 71. Kf5 Bf8 72. g6 Bh6 73. Bh4 Ke8 74. Bg5 Bg7 75. Bf6 Bh6 76. Bg5 1/2-1/2

[Event "Sarpsborg CC-ch"]
[Site "Sarpsborg"]
[Date "2002.01.25"]
[Round "3"]
[White "Eriksen, Oddvar"]
[Black "Gupta, Sudhir Kumar"]
[Result "1-0"]
[WhiteElo "1594"]
[BlackElo "1170"]
[PlyCount "83"]
[EventDate "2002.01.??"]
[EventType "swiss"]
[EventRounds "15"]
[EventCountry "NOR"]
[SourceTitle "EXT 2005"]
[Source "ChessBase"]
[SourceDate "2004.11.15"]
[SourceVersion "1"]
[SourceVersionDate "2004.11.15"]
[SourceQuality "1"]

1. d4 e6 2. c4 d5 3. c5 b6 4. b4 Bb7 5. e3 Nf6 6. Nf3 Be7 7. Bd3 0-0 8. 0-0 a5 9. Bd2 axb4 10. Bxb4 bxc5 11. dxc5 c6 12. Qc2 Nbd7 13. Nbd2 Ba6 14. Nd4 Bxd3 15. Qxd3 Qc7 16. N4b3 Rfb8 17. a3 Ng4 18. g3 Nge5 19. Qe2 Bf6 20. Rac1 Be7 21. e4 Nf6 22. exd5 Nxd5 23. Bc3 Nxc3 24. Rxc3 Rxa3 25. Re3 Nd7 26. Rc1 Rb5 27. Rec3 Qe5 28. Qf3 Ra6 29. Qd3 Qd5 30. Qe3 Qe5 31. Qd3 Qd5 32. Qc2 Ne5 33. Rd1 Ng6 34. Ne4 Qf5 35. Nd4 Qh3 36. Nxb5 cxb5 37. Qe2 b4 38. Rcd3 Rc6 39. Qd2 Ne5 40. Rd8+ Bf8 41. Rxf8+ Kxf8 42. Qd8# 1-0

[Event "Sarpsborg CC-ch"]
[Site "Sarpsborg"]
[Date "2002.01.18"]
[Round "2"]
[White "Kristiansen, Espen"]
[Black "Eriksen, Oddvar"]
[Result "0-1"]
[WhiteElo "1062"]
[BlackElo "1594"]
[PlyCount "70"]
[EventDate "2002.01.??"]
[EventType "swiss"]
[EventRounds "15"]
[EventCountry "NOR"]
[SourceTitle "EXT 2005"]
[Source "ChessBase"]
[SourceDate "2004.11.15"]
[SourceVersion "1"]
[SourceVersionDate "2004.11.15"]
[SourceQuality "1"]

1. e4 c5 2. Nc3 g6 3. f4 Bg7 4. Nf3 Nc6 5. Bb5 Nd4 6. Bc4 e6 7. e5 Nf5 8. Qe2 Nge7 9. d3 0-0 10. 0-0 d5 11. Bb3 a6 12. a3 Bd7 13. Ba2 Rc8 14. Nd1 Bc6 15. c3 d4 16. cxd4 Bxf3 17. Qxf3 Nxd4 18. Qxb7 Nef5 19. Qxa6 Ne2+ 20. Kh1 Qh4 21. g3 Nfxg3+ 22. Kg2 Nxf1 23. Kxf1 Nxc1 24. Rxc1 Qxf4+ 25. Ke2 Qxc1 26. Nf2 Qxb2+ 27. Ke3 Qxa2 28. Ne4 Qxh2 29. Nf6+ Bxf6 30. exf6 Qe5+ 31. Kd2 Rb8 32. Qc4 Rb2+ 33. Kc1 Rfb8 34. Qh4 Qc3+ 35. Kd1 Qd2# 0-1

[Event "Sarpsborg op"]
[Site "Sarpsborg"]
[Date "2001.09.14"]
[Round "4"]
[White "Eriksen, Oddvar"]
[Black "Fjellengen, Bard"]
[Result "0-1"]
[WhiteElo "1620"]
[BlackElo "1774"]
[PlyCount "132"]
[EventDate "2001.08.??"]
[EventType "swiss"]
[EventRounds "12"]
[EventCountry "NOR"]
[SourceTitle "EXT 2005"]
[Source "ChessBase"]
[SourceDate "2004.11.15"]
[SourceVersion "1"]
[SourceVersionDate "2004.11.15"]
[SourceQuality "1"]

1. e4 Nc6 2. Nf3 e5 3. d4 Nf6 4. Bg5 Be7 5. Bxf6 Bxf6 6. d5 Ne7 7. Be2 0-0 8. 0-0 Ng6 9. g3 c6 10. c4 Qb6 11. b3 Be7 12. Nc3 d6 13. Kg2 Qc7 14. Ng1 f5 15. exf5 Bxf5 16. Bg4 Qa5 17. Bxf5 Rxf5 18. Ne4 Raf8 19. dxc6 bxc6 20. Qd2 Qxd2 21. Nxd2 d5 22. cxd5 cxd5 23. Rad1 Bc5 24. f3 Ne7 25. Ne2 R5f6 26. Nc3 Bd4 27. Nb5 Nf5 28. Nxd4 Ne3+ 29. Kf2 Nxd1+ 30. Rxd1 exd4 31. Ke2 Ra6 32. a4 Rb6 33. Kd3 Rb4 34. Rc1 Re8 35. Rc7 Re3+ 36. Kc2 Rc3+ 37. Rxc3 dxc3 38. Kxc3 a5 39. f4 Kf7 40. Nf3 Kf6 41. Ne5 Rb7 42. h3 Kf5 43. Nd3 Rb8 44. Nc5 Rb4 45. g4+ Kf6 46. Nd3 d4+ 47. Kc2 Rb7 48. Nb2 Ke6 49. Nc4 Ra7 50. Kd3 Kd5 51. Nb6+ Kc5 52. Nc4 Kb4 53. Nd2 g6 54. Kxd4 Rd7+ 55. Ke3 Kc3 56. Nc4 Ra7 57. f5 gxf5 58. gxf5 Kxb3 59. Nxa5+ Rxa5 60. Kf4 Kc4 61. f6 Kd5 62. f7 Rxa4+ 63. Kg5 Ra8 64. Kf6 Kd6 65. h4 h5 66. Kg7 Ke7 0-1